[Event "DLM 2011"]
[Site "Xanten GER"]
[Date "2011.11.02"]
[Round "6"]
[White "Powierski, Emil"]
[Black "Weber, Max"]
[Result "1/2-1/2"]
[Termination "normal"]
[Board "5.1"]
[WhiteElo "2022"]
[BlackElo "2026"]
[WhiteTeam "Schleswig-Holstein/NDS"]
[BlackTeam "Mecklenburg-Vorpommern"]
[PlyCount "43"]
[WhiteFideId "4656199"]
[BlackFideId "4624831"]
[EventCountry "GER"]
[EventRounds "7"]
[EventType "team-swiss"]
[EventDate "2011.10.30"]

1. e4 e6 2. d4 d5 3. Nd2 c5 4. exd5 Qxd5 5. Ngf3 cxd4 6. Bc4 Qd6 7. O-O Nf6 8.
Nb3 Nc6 9. Nbxd4 Nxd4 10. Nxd4 Bd7 11. c3 Qc7 12. Qe2 Bd6 13. Nb5 Bxb5 14.
Bxb5+ Ke7 15. h3 h6 16. Be3 Bc5 17. Bd2 Rhd8 18. b4 Bd6 19. c4 Rac8 20. Rac1
Bf4 21. Be3 Bxe3 22. Qxe3 1/2-1/2

[Event "DLM 2011"]
[Site "Xanten GER"]
[Date "2011.11.02"]
[Round "6"]
[White "Schreiber, Kevin"]
[Black "Jacobsen, Henrik"]
[Result "1/2-1/2"]
[Termination "normal"]
[Board "5.2"]
[WhiteElo "1819"]
[BlackElo "1983"]
[WhiteTeam "Mecklenburg-Vorpommern"]
[BlackTeam "Schleswig-Holstein/NDS"]
[PlyCount "36"]
[WhiteFideId "24655830"]
[BlackFideId "24611123"]
[EventCountry "GER"]
[EventRounds "7"]
[EventType "team-swiss"]
[EventDate "2011.10.30"]

1. d4 Nf6 2. c4 g6 3. Nc3 Bg7 4. e4 d6 5. Bg5 O-O 6. h3 c6 7. Be2 e5 8. dxe5
dxe5 9. Nf3 Na6 10. Be3 Qe7 11. O-O Rd8 12. Qa4 Nc5 13. Qa3 Bf8 14. Bxc5 Qxc5
15. Qxc5 Bxc5 16. Rad1 Be6 17. Na4 Nxe4 18. Nxc5 Nxc5 1/2-1/2

[Event "DLM 2011"]
[Site "Xanten GER"]
[Date "2011.11.02"]
[Round "6"]
[White "Polert, Annika"]
[Black "Ispirjan, Mikael"]
[Result "0-1"]
[Termination "normal"]
[Board "5.3"]
[WhiteElo "1792"]
[BlackElo "1923"]
[WhiteTeam "Schleswig-Holstein/NDS"]
[BlackTeam "Mecklenburg-Vorpommern"]
[PlyCount "100"]
[WhiteFideId "24692328"]
[BlackFideId "1271217"]
[EventCountry "GER"]
[EventRounds "7"]
[EventType "team-swiss"]
[EventDate "2011.10.30"]

1. c4 c5 2. g3 Nf6 3. Bg2 e6 4. e4 Nc6 5. Nc3 Be7 6. Nge2 O-O 7. d3 a6 8. O-O
Qc7 9. h3 b6 10. Bf4 d6 11. Be3 Bb7 12. f4 Rad8 13. a3 Na7 14. Qb3 Bc6 15. d4
cxd4 16. Nxd4 Nd7 17. Nxc6 Nxc6 18. Qc2 Rc8 19. b3 Bf6 20. Rac1 Na5 21. Nb1 b5
22. Nd2 Nb6 23. Qb1 bxc4 24. b4 Nc6 25. Nxc4 Nxc4 26. Rxc4 Qd7 27. Rd1 Be7 28.
Qd3 Qb7 29. Rc2 Na7 30. Rdc1 Rxc2 31. Rxc2 Rc8 32. Rxc8+ Nxc8 33. Bf1 Bf8 34.
Qd4 Ne7 35. Bd3 d5 36. Qb6 Qc8 37. Bc5 dxe4 38. Bxa6 Qd7 39. Qd6 Qa4 40. b5 Qb3
41. Bf2 Nf5 42. Qc7 Qd1+ 43. Kg2 Qf3+ 44. Kg1 e3 45. Qc2 exf2+ 46. Qxf2 Qxa3
47. Kg2 Bc5 48. Qe1 Ne3+ 49. Kh1 Qa2 50. Qg1 Qd5+ 0-1

[Event "DLM 2011"]
[Site "Xanten GER"]
[Date "2011.11.02"]
[Round "6"]
[White "Siegert, Gregor"]
[Black "Diederichs, Luise"]
[Result "1-0"]
[Termination "normal"]
[Board "5.4"]
[BlackTitle "NDS"]
[WhiteElo "1761"]
[BlackElo "1748"]
[WhiteTeam "Mecklenburg-Vorpommern"]
[BlackTeam "Schleswig-Holstein/NDS"]
[PlyCount "143"]
[WhiteFideId "1271250"]
[BlackFideId "24661597"]
[EventCountry "GER"]
[EventRounds "7"]
[EventType "team-swiss"]
[EventDate "2011.10.30"]

1. e4 e6 2. d4 d5 3. exd5 exd5 4. Nf3 Nf6 5. Bg5 Be6 6. Bd3 h6 7. Bh4 Bg4 8.
Qe2+ Qe7 9. Bxf6 Qxe2+ 10. Bxe2 gxf6 11. Nbd2 Nd7 12. O-O-O O-O-O 13. Rhe1 Rg8
14. g3 Re8 15. Bd3 c5 16. c3 cxd4 17. cxd4 Bb4 18. Rxe8+ Rxe8 19. Re1 Re6 20.
Rh1 Rc6+ 21. Kb1 Bh3 22. Rc1 Kc7 23. Nf1 Bg4 24. Nh4 Rxc1+ 25. Kxc1 Be1 26. Ne3
Be6 27. f4 Nb6 28. Nc2 Bf2 29. f5 Bd7 30. Kd2 Nc4+ 31. Bxc4 dxc4 32. Ke2 Bg1
33. Kf1 Ba4 34. b3 cxb3 35. axb3 Bxb3 36. Na1 Bxd4 37. Nxb3 Be5 38. Ke2 b5 39.
Nf3 Bd6 40. Kd3 Kb6 41. Nbd2 a5 42. Ne4 Be7 43. Nd4 b4 44. Kc4 a4 45. g4 Kb7
46. Kb5 a3 47. Nb3 Kc7 48. h3 Kd7 49. Kc4 Ke8 50. Nec5 Kf8 51. Kxb4 Kg7 52.
Kxa3 h5 53. Kb2 hxg4 54. hxg4 Bd6 55. Kc2 Be5 56. Kd3 Bd6 57. Ne4 Be5 58. Kc4
Kf8 59. Kd5 Bf4 60. Nxf6 Ke7 61. Ne4 f6 62. Nd4 Bc1 63. Nc6+ Kf7 64. Kd6 Ba3+
65. Kd7 Bb2 66. Nd8+ Kg7 67. Ke6 Kf8 68. Nxf6 Bxf6 69. Kxf6 Kg8 70. Kg6 Kh8 71.
f6 Kg8 72. f7+ 1-0

[Event "DLM 2011"]
[Site "Xanten GER"]
[Date "2011.11.02"]
[Round "6"]
[White "Wegner, Florian"]
[Black "Hingst, Silke"]
[Result "0-1"]
[Termination "normal"]
[Board "5.5"]
[WhiteElo "1747"]
[BlackElo "1849"]
[WhiteTeam "Schleswig-Holstein/NDS"]
[BlackTeam "Mecklenburg-Vorpommern"]
[PlyCount "70"]
[WhiteFideId "12909416"]
[BlackFideId "4624564"]
[EventCountry "GER"]
[EventRounds "7"]
[EventType "team-swiss"]
[EventDate "2011.10.30"]

1. e4 c5 2. Nf3 d6 3. d4 cxd4 4. Nxd4 Nf6 5. Nc3 a6 6. Be2 h6 7. Be3 e5 8. Nb3
Be7 9. O-O O-O 10. a4 Nbd7 11. Qd2 Qc7 12. f4 Nb6 13. Bxb6 Qxb6+ 14. Kh1 Be6
15. a5 Qc6 16. Bf3 Bc4 17. Rfd1 Rfd8 18. Nc1 Rac8 19. N1e2 Qd7 20. Ng3 Be6 21.
f5 Bc4 22. Nf1 Qc6 23. Ne3 Nd7 24. Ra4 Bb5 25. Raa1 Bg5 26. Ncd5 Bc4 27. Qc3
Qb5 28. Nxc4 Rxc4 29. Be2 Rxc3 30. Bxb5 Rxc2 31. Bxd7 Rxd7 32. b4 Rd8 33. Kg1
Rdc8 34. Kf1 R8c4 35. Re1 Rb2 0-1

[Event "DLM 2011"]
[Site "Xanten GER"]
[Date "2011.11.02"]
[Round "6"]
[White "Rieper, Julian"]
[Black "Klinge, Alexandra"]
[Result "1-0"]
[Termination "normal"]
[Board "5.7"]
[WhiteElo "1507"]
[BlackElo "1337"]
[WhiteTeam "Schleswig-Holstein/NDS"]
[BlackTeam "Mecklenburg-Vorpommern"]
[PlyCount "99"]
[WhiteFideId "12936960"]
[EventCountry "GER"]
[EventRounds "7"]
[EventType "team-swiss"]
[EventDate "2011.10.30"]

1. e4 e5 2. Nf3 Nc6 3. Bb5 a6 4. Ba4 Nf6 5. O-O Be7 6. Re1 O-O 7. c3 d6 8. d4
Bd7 9. h3 Re8 10. Nbd2 b5 11. Bc2 Bf8 12. Nf1 h6 13. g4 Nh7 14. Ng3 Be7 15. Be3
Ng5 16. Kg2 g6 17. Nh2 Kg7 18. h4 Nh7 19. h5 Bg5 20. hxg6 fxg6 21. d5 Na7 22.
Qd2 Rf8 23. f3 Bf4 24. Ne2 Qg5 25. Nxf4 exf4 26. Bd4+ Kg8 27. Qf2 h5 28. Bxa7
hxg4 29. fxg4 Bxg4 30. Kh1 Rxa7 31. Qxa7 Qh4 32. Rf1 Ng5 33. Qg1 Bf3+ 34. Rxf3
Nxf3 35. Qxg6+ Kh8 36. Qg2 Qxh2+ 37. Qxh2+ Nxh2 38. Kxh2 Kg7 39. Rf1 Rf6 40.
Kg2 Rg6+ 41. Kf2 Rh6 42. Rg1+ Kf6 43. Rg2 Rh5 44. Kf3 Ke5 45. Kf2 Kf6 46. Bd3
Rh3 47. Be2 Ke5 48. Bf3 Kf6 49. Rg4 Rh2+ 50. Bg2 1-0

[Event "DLM 2011"]
[Site "Xanten GER"]
[Date "2011.11.02"]
[Round "6"]
[White "Sadewasser, Lucie"]
[Black "Ruiz, Lisa"]
[Result "0-1"]
[Termination "normal"]
[Board "5.8"]
[WhiteElo "1292"]
[BlackElo "1083"]
[WhiteTeam "Mecklenburg-Vorpommern"]
[BlackTeam "Schleswig-Holstein/NDS"]
[PlyCount "106"]
[WhiteFideId "12905445"]
[EventCountry "GER"]
[EventRounds "7"]
[EventType "team-swiss"]
[EventDate "2011.10.30"]

1. e4 e6 2. d3 d5 3. Nd2 c5 4. Ngf3 Nf6 5. g3 Be7 6. Bg2 Nc6 7. O-O O-O 8. Re1
Qb6 9. Nf1 Ng4 10. Ng5 Nge5 11. exd5 exd5 12. Bxd5 Bxg5 13. Bxg5 Qxb2 14. Bxc6
Nxc6 15. Ne3 Ne5 16. Be7 Re8 17. Bxc5 b6 18. Nc4 Qc3 19. Nxe5 Rxe5 20. Rxe5
Qxe5 21. Be3 Bb7 22. c4 Qf5 23. f4 Qf6 24. Kf1 Bf3 25. Qc1 Qe6 26. Rb1 Re8 27.
Kf2 Bh5 28. Rb2 Qg4 29. Kg1 Qf3 30. Rf2 Qxe3 31. Qxe3 Rxe3 32. Rd2 Bg6 33. Kf2
Rxd3 34. Ke2 Rxd2+ 35. Kxd2 Kf8 36. Kc3 Ke7 37. Kb4 a5+ 38. Kb5 a4 39. a3 Bd3
40. Kxa4 Bxc4 41. Kb4 b5 42. a4 bxa4 43. Kxc4 a3 44. Kb3 a2 45. Kxa2 Ke6 46.
Kb3 Kf5 47. Kc4 Kg4 48. Kd5 f5 49. Ke6 g6 50. Kf6 Kh3 51. Kg7 Kxh2 52. Kxh7
Kxg3 53. Kxg6 Kg4 0-1

[Event "DLM 2011"]
[Site "Xanten GER"]
[Date "2011.11.03"]
[Round "7"]
[White "Schulz, Jens"]
[Black "Hahn, Markus"]
[Result "1-0"]
[Termination "normal"]
[Board "1.1"]
[WhiteElo "2186"]
[BlackElo "2167"]
[WhiteTeam "Niedersachsen"]
[BlackTeam "Hessen"]
[PlyCount "75"]
[WhiteFideId "24675687"]
[BlackFideId "24654647"]
[EventCountry "GER"]
[EventRounds "7"]
[EventType "team-swiss"]
[EventDate "2011.10.30"]

1. e4 c5 2. Nf3 e6 3. d4 cxd4 4. Nxd4 a6 5. Bd3 Nf6 6. O-O d6 7. Nc3 Qc7 8. Bd2
Nbd7 9. Qe2 Be7 10. Kh1 O-O 11. f4 b5 12. a3 Bb7 13. Rae1 Nc5 14. Qf2 Rfe8 15.
Qg3 Bf8 16. Nf3 g6 17. f5 Nxd3 18. cxd3 exf5 19. exf5 Bg7 20. Bg5 Nh5 21. Qh4
h6 22. Bd2 Rxe1 23. Rxe1 Bxf3 24. gxf3 Qc5 25. fxg6 fxg6 26. Qe4 Rf8 27. Nd5
Qf2 28. Ne7+ Kh7 29. Qxg6+ Kh8 30. Qxh5 Qxd2 31. Ng6+ Kg8 32. Qd5+ Rf7 33. Re8+
Kh7 34. Qxf7 Qd1+ 35. Kg2 Qd2+ 36. Kf1 Qc1+ 37. Re1 Qxb2 38. Ne7 1-0

[Event "DLM 2011"]
[Site "Xanten GER"]
[Date "2011.11.03"]
[Round "7"]
[White "Hahn, Florian"]
[Black "Kyas, Philipp"]
[Result "1/2-1/2"]
[Termination "normal"]
[Board "1.2"]
[WhiteElo "2028"]
[BlackElo "2100"]
[WhiteTeam "Hessen"]
[BlackTeam "Niedersachsen"]
[PlyCount "70"]
[WhiteFideId "24659720"]
[BlackFideId "24670936"]
[EventCountry "GER"]
[EventRounds "7"]
[EventType "team-swiss"]
[EventDate "2011.10.30"]

1. d4 Nf6 2. Nf3 e6 3. e3 b6 4. Bd3 Bb7 5. O-O d6 6. c4 Nbd7 7. Nc3 Be7 8. Re1
c5 9. b3 O-O 10. d5 exd5 11. cxd5 Nxd5 12. Nxd5 Bxd5 13. Bxh7+ Kxh7 14. Qxd5
Bf6 15. Rb1 Ne5 16. Bb2 Qe7 17. Red1 Rad8 18. Nd2 Nd7 19. Ne4 Bxb2 20. Rxb2 f5
21. Ng3 Ne5 22. Rbd2 a6 23. h3 Rf6 24. Ne2 g5 25. f4 Nf7 26. Qf3 g4 27. hxg4
fxg4 28. Qg3 Nh6 29. Rd3 Re8 30. Nc3 Nf5 31. Qxg4 Nxe3 32. Qh4+ Kg7 33. Re1 Re6
34. Qxe7+ R8xe7 35. Nd5 Nxd5 1/2-1/2

[Event "DLM 2011"]
[Site "Xanten GER"]
[Date "2011.11.03"]
[Round "7"]
[White "Schreiner, Till"]
[Black "Höpfner, Tim"]
[Result "1-0"]
[Termination "normal"]
[Board "1.3"]
[WhiteElo "2150"]
[BlackElo "1967"]
[WhiteTeam "Niedersachsen"]
[BlackTeam "Hessen"]
[PlyCount "127"]
[WhiteFideId "24675555"]
[BlackFideId "4638310"]
[EventCountry "GER"]
[EventRounds "7"]
[EventType "team-swiss"]
[EventDate "2011.10.30"]

1. d4 Nf6 2. c4 c5 3. d5 b5 4. Nf3 g6 5. Qc2 d6 6. e4 bxc4 7. Bxc4 Bg7 8. O-O
O-O 9. Nc3 Ba6 10. Bxa6 Nxa6 11. h3 Nd7 12. Bf4 Rb8 13. a3 Qb6 14. Rab1 Qb3 15.
Qe2 Nc7 16. Nd2 Qb7 17. Nc4 Nb5 18. Na5 Nd4 19. Qd3 Qc7 20. Nc4 Nb6 21. Rfc1
Nxc4 22. Qxc4 Rb3 23. Be3 Qb7 24. Bxd4 Bxd4 25. Rc2 Rb8 26. Nd1 Rxa3 27. Rbc1
Rb3 28. Ra1 Bxb2 29. Nxb2 Rxb2 30. Rxb2 Qxb2 31. Rxa7 Rb4 32. Qd3 Qc1+ 33. Kh2
Qf4+ 34. Kg1 Qxe4 35. Qd2 Rb1+ 36. Kh2 Qe5+ 37. f4 Qe1 38. Qd3 Qg1+ 39. Kg3 Qd4
40. Qxb1 Qe3+ 41. Kh2 Qxf4+ 42. Kh1 Qe5 43. Qa1 Qxa1+ 44. Rxa1 Kg7 45. Kg1 Kf6
46. Re1 e6 47. dxe6 fxe6 48. Kf2 d5 49. Ke3 e5 50. Ra1 c4 51. Ra6+ Kf5 52. g4+
Kg5 53. Re6 d4+ 54. Kf3 d3 55. Rxe5+ Kh4 56. Rd5 Kxh3 57. Rd4 h5 58. gxh5 gxh5
59. Rxc4 h4 60. Rd4 d2 61. Kf4 Kg2 62. Rxd2+ Kh3 63. Rd3+ Kg2 64. Kg4 1-0

[Event "DLM 2011"]
[Site "Xanten GER"]
[Date "2011.11.03"]
[Round "7"]
[White "Keller, Peter"]
[Black "Koop, Thorben"]
[Result "1/2-1/2"]
[Termination "normal"]
[Board "1.4"]
[WhiteElo "1957"]
[BlackElo "2098"]
[WhiteTeam "Hessen"]
[BlackTeam "Niedersachsen"]
[PlyCount "84"]
[WhiteFideId "1272105"]
[BlackFideId "24661619"]
[EventCountry "GER"]
[EventRounds "7"]
[EventType "team-swiss"]
[EventDate "2011.10.30"]

1. e4 c5 2. Nc3 Nc6 3. Bb5 g6 4. Bxc6 dxc6 5. d3 Bg7 6. f4 Nh6 7. Nf3 f6 8. O-O
Nf7 9. Be3 b6 10. Qe1 O-O 11. Qg3 e5 12. Ne2 Qe7 13. fxe5 fxe5 14. h4 Be6 15.
Ng5 Nd6 16. Nxe6 Qxe6 17. b3 Nb5 18. a4 Nd4 19. Nxd4 cxd4 20. Bd2 Rxf1+ 21.
Rxf1 Rf8 22. Rxf8+ Kxf8 23. Qf3+ Kg8 24. h5 Bf6 25. hxg6 hxg6 26. Qg3 Be7 27.
Qh3 Qxh3 28. gxh3 b5 29. axb5 cxb5 30. b4 Kf7 31. c3 dxc3 32. Bxc3 Bd6 33. Kf2
a6 34. Kf3 $11 Kf6 35. Kg4 Bc7 36. h4 Bb6 37. h5 gxh5+ 38. Kxh5 Be3 39. Kg4 Bc1
40. d4 exd4 41. Bxd4+ Ke6 42. Bc3 Ba3 1/2-1/2

[Event "DLM 2011"]
[Site "Xanten GER"]
[Date "2011.11.03"]
[Round "7"]
[White "Sancar, Alina"]
[Black "Rethmann, Kristin"]
[Result "1-0"]
[Termination "normal"]
[Board "1.6"]
[WhiteElo "1816"]
[BlackElo "1820"]
[WhiteTeam "Hessen"]
[BlackTeam "Niedersachsen"]
[PlyCount "101"]
[WhiteFideId "4624750"]
[BlackFideId "24655805"]
[EventCountry "GER"]
[EventRounds "7"]
[EventType "team-swiss"]
[EventDate "2011.10.30"]

1. d4 d5 2. c4 e6 3. Nf3 f5 4. Bf4 Nf6 5. a3 c6 6. e3 Be7 7. Nbd2 Nbd7 8. Be2
O-O 9. O-O Ne4 10. Ne5 g5 11. Nxd7 Bxd7 12. Be5 Be8 13. cxd5 exd5 14. Nxe4 fxe4
15. Bh5 Bd6 16. Bxd6 Qxd6 17. Bxe8 Raxe8 18. Qh5 Qe7 19. Rac1 Rf5 20. Rc2 Ref8
21. Qe2 R8f6 22. b4 Rh6 23. Qg4 Qf6 24. Qg3 Qd6 25. Qxd6 Rxd6 26. Rfc1 Rff6 27.
Rc5 Kf7 28. b5 Ke7 29. bxc6 Rxc6 30. Rb1 Rb6 31. Rc7+ Kd8 32. Rxb7 Rxb1+ 33.
Rxb1 Kc7 34. Rc1+ Rc6 35. Rxc6+ Kxc6 36. f3 exf3 37. gxf3 Kb5 38. e4 dxe4 39.
fxe4 Kc4 40. d5 Kc5 41. Kf2 Kd6 42. Kf3 h5 43. Kg3 Ke5 44. Kf3 Kd6 45. Ke3 Ke5
46. h3 Kf6 47. Kd4 a6 48. e5+ Kf5 49. d6 Ke6 50. Ke4 Kd7 51. Kf5 1-0

[Event "DLM 2011"]
[Site "Xanten GER"]
[Date "2011.11.03"]
[Round "7"]
[White "Sieber, Fiona"]
[Black "Graf, Clara Victoria"]
[Result "1/2-1/2"]
[Termination "normal"]
[Board "1.7"]
[WhiteElo "1720"]
[BlackElo "1701"]
[WhiteTeam "Niedersachsen"]
[BlackTeam "Hessen"]
[PlyCount "94"]
[WhiteFideId "12902373"]
[BlackFideId "1270339"]
[EventCountry "GER"]
[EventRounds "7"]
[EventType "team-swiss"]
[EventDate "2011.10.30"]

1. e4 c5 2. Nf3 a6 3. c4 e6 4. Nc3 Qc7 5. d4 cxd4 6. Nxd4 Nf6 7. f3 b6 8. Be2
Bb7 9. Nc2 Be7 10. O-O O-O 11. Be3 d6 12. Rc1 Nbd7 13. Qe1 Rac8 14. Qf2 Rfe8
15. Rfd1 Bd8 16. Na3 Bc6 17. Bf1 Qb8 18. Nc2 Bc7 19. Nb4 Bb7 20. g3 Qa8 21. Bh3
Ne5 22. b3 Nfd7 23. f4 Nc6 24. Nd3 Ne7 25. Bg2 Nc5 26. Nxc5 dxc5 27. Rd7 Bc6
28. e5 Nf5 29. Bxc6 Qxc6 30. Rcd1 Nd4 31. Bxd4 Qxd7 32. Bxc5 Qc6 33. Bd6 Red8
34. Qd2 Bxd6 35. exd6 Rd7 36. Qe2 Rxd6 37. Re1 Qc5+ 38. Kf1 Rd7 39. Ne4 Qd4 40.
Kg2 Qd3 41. Qf2 Rd4 42. Re3 Qd1 43. Re1 Qd3 44. Re3 Qb1 45. Re1 Qd3 46. Re3 Qd1
47. Re1 Qd3 1/2-1/2

[Event "DLM 2011"]
[Site "Xanten GER"]
[Date "2011.11.03"]
[Round "7"]
[White "Peter, Anton"]
[Black "Rätzke von Stoventin, Steffen"]
[Result "1-0"]
[Termination "normal"]
[Board "1.8"]
[WhiteElo "1726"]
[BlackElo "1712"]
[WhiteTeam "Hessen"]
[BlackTeam "Niedersachsen"]
[PlyCount "61"]
[WhiteFideId "12901660"]
[BlackFideId "1270499"]
[EventCountry "GER"]
[EventRounds "7"]
[EventType "team-swiss"]
[EventDate "2011.10.30"]

1. d4 d5 2. c4 e6 3. Nc3 c6 4. Nf3 dxc4 5. e4 b5 6. a4 Bb4 7. Bd2 a5 8. b3 Bxc3
9. Bxc3 Bb7 10. bxc4 b4 11. Bb2 Nf6 12. Bd3 Nbd7 13. O-O O-O 14. Bc2 Ba6 15.
Qd3 Nb6 16. Nd2 e5 17. d5 cxd5 18. exd5 Nbxd5 19. Bxe5 Re8 20. Rfe1 Nb6 21. Bd4
Nbd7 22. Ne4 Kf8 23. Ng5 h6 24. Nh7+ Kg8 25. Nxf6+ Nxf6 26. Rxe8+ Nxe8 27. Qh7+
Kf8 28. Re1 f5 29. Bc5+ Kf7 30. Qxf5+ Nf6 31. Qe6# 1-0

[Event "DLM 2011"]
[Site "Xanten GER"]
[Date "2011.11.03"]
[Round "7"]
[White "Colpe, Malte"]
[Black "Hirschberg, Valerian"]
[Result "1/2-1/2"]
[Termination "normal"]
[Board "2.1"]
[WhiteElo "2245"]
[BlackElo "2225"]
[WhiteTeam "Hamburg"]
[BlackTeam "Baden"]
[PlyCount "61"]
[WhiteFideId "24623075"]
[BlackFideId "24628492"]
[EventCountry "GER"]
[EventRounds "7"]
[EventType "team-swiss"]
[EventDate "2011.10.30"]

1. d4 d5 2. c4 dxc4 3. e4 Nc6 4. d5 Ne5 5. Nf3 Bg4 6. Bf4 Ng6 7. Bg3 Nf6 8. Nc3
e5 9. Bxc4 a6 10. a3 Bd6 11. h3 Bd7 12. O-O O-O 13. Ne1 b5 14. Be2 c5 15. dxc6
Bxc6 16. Bf3 Qb8 17. Nc2 Rd8 18. Qe2 Qb7 19. Rfd1 Rac8 20. Rd2 a5 21. Rad1 Qb8
22. Bg4 Nxg4 23. Qxg4 b4 24. axb4 axb4 25. Nd5 Bxd5 26. exd5 Qb5 27. Ne3 Ne7
28. Qe4 f6 29. Bh4 Qd7 30. g4 Rc7 31. Ra1 1/2-1/2

[Event "DLM 2011"]
[Site "Xanten GER"]
[Date "2011.11.03"]
[Round "7"]
[White "Haag, Gregor"]
[Black "Stanau, Guido"]
[Result "1/2-1/2"]
[Termination "normal"]
[Board "2.2"]
[WhiteElo "2065"]
[BlackElo "2035"]
[WhiteTeam "Baden"]
[BlackTeam "Hamburg"]
[PlyCount "90"]
[WhiteFideId "24680931"]
[BlackFideId "24692255"]
[EventCountry "GER"]
[EventRounds "7"]
[EventType "team-swiss"]
[EventDate "2011.10.30"]

1. Nf3 Nc6 2. d4 e6 3. c4 Nf6 4. Nc3 Bb4 5. Bd2 O-O 6. Qc2 Bxc3 7. Bxc3 d5 8.
e3 Ne4 9. Bd3 f5 10. O-O Ne7 11. Bb4 Rf6 12. Rac1 c6 13. Ne5 Rh6 14. f3 Nf6 15.
Qf2 Qe8 16. g4 g5 17. Qg3 fxg4 18. Nxg4 Nxg4 19. Qxg4 Nf5 20. cxd5 cxd5 21. Kh1
Qd8 22. Rg1 Rg6 23. Bd2 Qd6 24. Qh5 Kf8 25. Bxf5 exf5 26. Rxg5 Bd7 27. Rxg6
Qxg6 28. Qxg6 hxg6 29. Rc7 Bc6 30. Bb4+ Kg8 31. Bd6 Rd8 32. Be5 Rd7 33. Rc8+
Kf7 34. Kg2 g5 35. Kg3 Re7 36. Rh8 Re6 37. Rh7+ Kf8 38. h3 Rg6 39. Rc7 a6 40.
Rh7 Kg8 41. Rc7 Kf8 42. a3 Kg8 43. b4 Kf8 44. f4 g4 45. h4 Be8 1/2-1/2

[Event "DLM 2011"]
[Site "Xanten GER"]
[Date "2011.11.03"]
[Round "7"]
[White "Töws, Manuel"]
[Black "Kramer, Julian"]
[Result "1-0"]
[Termination "normal"]
[Board "2.4"]
[WhiteElo "1988"]
[BlackElo "2047"]
[WhiteTeam "Baden"]
[BlackTeam "Hamburg"]
[PlyCount "115"]
[WhiteFideId "24654485"]
[BlackFideId "12921742"]
[EventCountry "GER"]
[EventRounds "7"]
[EventType "team-swiss"]
[EventDate "2011.10.30"]

1. e4 c5 2. Nf3 d6 3. d4 cxd4 4. Nxd4 Nf6 5. Nc3 a6 6. Be3 e5 7. Nf3 Be7 8. Bc4
O-O 9. O-O Qc7 10. Bb3 b5 11. Bg5 Be6 12. Bxf6 Bxf6 13. Nd5 Bxd5 14. Bxd5 Ra7
15. Qd2 Nd7 16. a4 bxa4 17. Rxa4 Nb6 18. Ra5 Nc4 19. Bxc4 Qxc4 20. Re1 Be7 21.
b3 Qc6 22. Qd3 Rc8 23. Rc1 g6 24. c4 Qb6 25. Ra4 a5 26. Ne1 Rb8 27. Rb1 Qc6 28.
Rba1 Rab7 29. Rxa5 Rxb3 30. Qd5 Qxd5 31. cxd5 R8b4 32. R5a4 Rb1 33. Rxb4 Rxb4
34. f3 Rb2 35. Rc1 Bg5 36. Rc2 Be3+ 37. Kf1 Rxc2 38. Nxc2 Bc5 39. Ke2 Kf8 40.
Kd3 Ke7 41. Kc4 Kd7 42. Kb5 Kc7 43. Na1 f5 44. Nb3 Bb6 45. Ka6 f4 46. Nd2 Bd4
47. Nc4 Bc3 48. Na3 Be1 49. Nb5+ Kd7 50. Kb7 Ba5 51. Na3 h5 52. Nc4 Bd8 53.
Nb6+ Ke7 54. Kc6 Bxb6 55. Kxb6 g5 56. Kc7 g4 57. h4 gxf3 58. gxf3 1-0

[Event "DLM 2011"]
[Site "Xanten GER"]
[Date "2011.11.03"]
[Round "7"]
[White "Krüger, David"]
[Black "Kühnel, Lena"]
[Result "0-1"]
[Termination "normal"]
[Board "2.5"]
[WhiteElo "1750"]
[BlackElo "1902"]
[WhiteTeam "Hamburg"]
[BlackTeam "Baden"]
[PlyCount "44"]
[WhiteFideId "12921858"]
[BlackFideId "24640956"]
[EventCountry "GER"]
[EventRounds "7"]
[EventType "team-swiss"]
[EventDate "2011.10.30"]

1. d4 d5 2. c4 c6 3. Nc3 Nf6 4. Bg5 e6 5. e3 Nbd7 6. cxd5 exd5 7. Qc2 Bd6 8.
Bd3 h6 9. Bh4 O-O 10. Nge2 Re8 11. O-O Nf8 12. Bg3 Ne6 13. Rad1 Ng5 14. Rfe1
Bg4 15. Rc1 Nfe4 16. Bxe4 dxe4 17. Bxd6 Qxd6 18. Ng3 Qe6 19. h4 Nf3+ 20. gxf3
Bxf3 21. Nce2 g5 22. Kh2 Qg4 0-1

[Event "DLM 2011"]
[Site "Xanten GER"]
[Date "2011.11.03"]
[Round "7"]
[White "Riehle, Marco"]
[Black "Lemke, Berfin"]
[Result "1-0"]
[Termination "normal"]
[Board "2.6"]
[WhiteElo "1753"]
[BlackElo "1549"]
[WhiteTeam "Baden"]
[BlackTeam "Hamburg"]
[PlyCount "51"]
[WhiteFideId "12904392"]
[BlackFideId "1270578"]
[EventCountry "GER"]
[EventRounds "7"]
[EventType "team-swiss"]
[EventDate "2011.10.30"]

1. e4 c5 2. Nf3 d6 3. d4 cxd4 4. Nxd4 Nf6 5. Nc3 a6 6. f3 e5 7. Nb3 Be6 8. Be3
Be7 9. Qd2 O-O 10. O-O-O Nbd7 11. g4 b5 12. h4 b4 13. Nd5 Bxd5 14. exd5 a5 15.
h5 a4 16. Na1 Qb8 17. g5 Ne8 18. Bd3 Nc7 19. Rdg1 b3 20. a3 Nb5 21. g6 Bf6 22.
h6 Nc7 23. hxg7 Bxg7 24. gxh7+ Kh8 25. Bh6 Bf6 26. Bxf8 1-0

[Event "DLM 2011"]
[Site "Xanten GER"]
[Date "2011.11.03"]
[Round "7"]
[White "Rogozenco, Teodora"]
[Black "Wiesner, Paula"]
[Result "1/2-1/2"]
[Termination "normal"]
[Board "2.7"]
[WhiteElo "1527"]
[BlackElo "1780"]
[WhiteTeam "Hamburg"]
[BlackTeam "Baden"]
[PlyCount "41"]
[WhiteFideId "12938084"]
[BlackFideId "24654019"]
[EventCountry "GER"]
[EventRounds "7"]
[EventType "team-swiss"]
[EventDate "2011.10.30"]

1. Nf3 d5 2. d4 Nf6 3. c4 e6 4. Nc3 Nbd7 5. Bg5 c6 6. e3 Be7 7. Bd3 O-O 8. O-O
dxc4 9. Bxc4 Nd5 10. Bxe7 Qxe7 11. Nxd5 cxd5 12. Bd3 Nb6 13. b3 Bd7 14. Rc1
Rac8 15. Qe2 Qb4 16. Bxh7+ Kxh7 17. Ng5+ Kg6 18. Qg4 f5 19. Qg3 Kh6 20. Qh4+
Kg6 21. Qg3 1/2-1/2

[Event "DLM 2011"]
[Site "Xanten GER"]
[Date "2011.11.03"]
[Round "7"]
[White "Wenninger, Philipp"]
[Black "Kremser, Michael"]
[Result "1-0"]
[Termination "normal"]
[Board "3.2"]
[WhiteElo "2143"]
[BlackElo "2048"]
[WhiteTeam "Württemberg"]
[BlackTeam "Nordrhein-Westfalen 2"]
[PlyCount "79"]
[WhiteFideId "4648404"]
[BlackFideId "1270131"]
[EventCountry "GER"]
[EventRounds "7"]
[EventType "team-swiss"]
[EventDate "2011.10.30"]

1. d4 d5 2. c4 e6 3. Nc3 Be7 4. Nf3 Nf6 5. cxd5 exd5 6. Bg5 c6 7. Qc2 Nbd7 8.
e3 O-O 9. Bd3 h6 10. Bh4 Re8 11. O-O Ne4 12. Bg3 Ndf6 13. Nxe4 dxe4 14. Bxe4
Nxe4 15. Qxe4 Be6 16. Qc2 Qa5 17. Ne5 Rad8 18. a3 Bf6 19. b4 Qd5 20. Nd3 Bf5
21. Qc3 g5 22. Rfd1 Be4 23. Ne1 h5 24. f3 Bg6 25. Bf2 h4 26. e4 Qd7 27. h3 a6
28. Ra2 Qe6 29. Rad2 Kg7 30. Nc2 g4 31. hxg4 h3 32. gxh3 Rh8 33. h4 Rdg8 34.
Ne3 Bxe4 35. fxe4 Qxe4 36. Qd3 Qe8 37. Qf5 Bxh4 38. Qe5+ f6 39. Qxe8 Rxe8 40.
Nf5+ 1-0